[Event "Cheliabinsk Lozovatsky Memorial-A"]
[Site "Cheliabinsk"]
[Date "2023.02.03"]
[Round "8"]
[White "Potapov, Alexander1111"]
[Black "Lvov, Nikita"]
[Result "1-0"]
[WhiteElo "2425"]
[BlackElo "2045"]
[PlyCount "97"]
[EventDate "2023.01.27"]
[EventType "swiss"]
[EventRounds "10"]
[EventCountry "RUS"]
[SourceTitle "CBM 212 Extra"]
[Source "ChessBase"]
[SourceDate "2023.03.31"]
[SourceVersion "1"]
[SourceVersionDate "2023.03.31"]
[SourceQuality "1"]

1. e4 c5 2. Nf3 d6 3. Bb5+ Bd7 4. Bxd7+ Nxd7 5. c4 Ngf6 6. Nc3 g6 7. 0-0 Bg7 8. d4 cxd4 9. Nxd4 0-0 10. b3 Re8 11. Be3 Qa5 12. Rc1 a6 13. f3 Rac8 14. Qd2 Ne5 15. Rfd1 Nc6 16. Nxc6 Rxc6 17. a4 Nd7 18. Nd5 Qxd2 19. Rxd2 Kf8 20. a5 Nc5 21. Rb1 e6 22. Nb4 Bc3 23. Bh6+ Kg8 24. Nxc6 Bxd2 25. Bxd2 bxc6 26. b4 Rb8 27. Rd1 Nb7 28. Be3 Kf8 29. e5 d5 30. Rc1 Rc8 31. h4 Ke8 32. Kf2 Kd7 33. Bb6 c5 34. b5 Ra8 35. cxd5 axb5 36. d6 Kc6 37. Ra1 c4 38. Rd1 Kd7 39. Ke3 Ra6 40. Ra1 Kc6 41. Kd4 Ra8 42. f4 h5 43. Ra2 Rc8 44. Rd2 Ra8 45. Kc3 Nc5 46. Bxc5 Kxc5 47. d7 b4+ 48. Kc2 Rd8 49. Rd6 1-0

[Event "Cheliabinsk Lozovatsky Memorial-A"]
[Site "Cheliabinsk"]
[Date "2023.01.27"]
[Round "1"]
[White "Lvov, Nikita"]
[Black "Bazyrtsyrenov, Kirill"]
[Result "0-1"]
[WhiteElo "2045"]
[BlackElo "2278"]
[PlyCount "104"]
[EventDate "2023.01.27"]
[EventType "swiss"]
[EventRounds "10"]
[EventCountry "RUS"]
[SourceTitle "CBM 212 Extra"]
[Source "ChessBase"]
[SourceDate "2023.03.31"]
[SourceVersion "1"]
[SourceVersionDate "2023.03.31"]
[SourceQuality "1"]

1. d4 Nf6 2. c4 e6 3. Nf3 d5 4. g3 Bb4+ 5. Bd2 Bd6 6. Qc2 0-0 7. Bg2 c6 8. 0-0 Nbd7 9. Bg5 h6 10. Bxf6 Nxf6 11. Nbd2 b6 12. Rfc1 Bb7 13. cxd5 cxd5 14. Ne5 Rc8 15. Qa4 a6 16. f4 b5 17. Qd1 Qb6 18. e3 a5 19. Rxc8 Rxc8 20. Rc1 Rc7 21. Bf1 b4 22. Bd3 Ba6 23. Rxc7 Bxc7 24. Nb3 Bxd3 25. Nxd3 Ne4 26. Nbc5 Bd6 27. Nxe4 dxe4 28. Nf2 Qc6 29. Kg2 a4 30. Qb1 b3 31. axb3 axb3 32. Qxe4 Qc2 33. d5 Qxb2 34. dxe6 Qf6 35. exf7+ Qxf7 36. Nd3 Kh8 37. f5 Qf6 38. Qe8+ Qf8 39. Qb5 Qb8 40. Qxb8+ Bxb8 41. Nb2 Be5 42. Nc4 b2 43. Nd2 Kg8 44. Kf3 Kf7 45. Ke4 Kf6 46. g4 Bxh2 47. Kd3 Bc7 48. Kc2 Kg5 49. Ne4+ Kxg4 50. f6 gxf6 51. Kxb2 Kf3 52. Nc5 h5 0-1

[Event "Chigorin Memorial 28th"]
[Site "St Petersburg"]
[Date "2021.10.29"]
[Round "7"]
[White "Lvov, Nikita"]
[Black "Akmalov, Daniil"]
[Result "0-1"]
[WhiteElo "2054"]
[BlackElo "2235"]
[PlyCount "66"]
[EventDate "2021.10.23"]
[EventType "swiss"]
[EventRounds "9"]
[EventCountry "RUS"]
[SourceTitle "EXT 2023"]
[Source "ChessBase"]
[SourceDate "2022.10.05"]
[SourceVersion "1"]
[SourceVersionDate "2022.10.05"]
[SourceQuality "1"]

1. d4 Nf6 2. Nf3 d5 3. e3 Bf5 4. Bd3 e6 5. 0-0 Be7 6. b3 0-0 7. Bb2 Nbd7 8. c4 Ne4 9. Nc3 Ndf6 10. Ne2 c6 11. Ne5 Nd7 12. f3 Nd6 13. cxd5 cxd5 14. Ng3 Bxd3 15. Qxd3 Rc8 16. Rac1 Nf6 17. Rxc8 Nxc8 18. Qc3 Bd6 19. Rc1 Ne7 20. Kf2 h5 21. Nf1 Qb6 22. Nd3 a6 23. Qd2 Rc8 24. Rxc8+ Nxc8 25. Qc1 Na7 26. Ba3 Bxa3 27. Qxa3 Nc6 28. Qc5 Qd8 29. Nd2 Nd7 30. Qd6 Qa5 31. Ke2 Nf8 32. a4 Qb6 33. Ne5 Nxd4+ 0-1

[Event "Cheliabinsk Panchenko Memorial op-A"]
[Site "Cheliabinsk"]
[Date "2021.09.21"]
[Round "10"]
[White "Lvov, Nikita"]
[Black "Mochalin, Faddey"]
[Result "1-0"]
[WhiteElo "2007"]
[BlackElo "2138"]
[PlyCount "111"]
[EventDate "2021.09.13"]
[EventType "swiss"]
[EventRounds "10"]
[EventCountry "RUS"]
[SourceTitle "CBM 204 Extra"]
[Source "ChessBase"]
[SourceDate "2021.11.30"]
[SourceVersion "1"]
[SourceVersionDate "2021.11.30"]
[SourceQuality "1"]

1. d4 d5 2. c4 e6 3. Nf3 Nf6 4. g3 dxc4 5. Bg2 c6 6. Ne5 c5 7. Qa4+ Nbd7 8. dxc5 Bxc5 9. 0-0 0-0 10. Nxd7 Bxd7 11. Qxc4 Rc8 12. Qb3 b5 13. Be3 a5 14. Bxc5 Rxc5 15. Nd2 Qc7 16. Ne4 Nxe4 17. Bxe4 a4 18. Qe3 f5 19. Bf3 e5 20. Rac1 Rc8 21. Bd5+ Kf8 22. Rcd1 h6 23. Rd2 Rc1 24. Qa3+ Ke8 25. Rdd1 Rxd1 26. Rxd1 Qc5 27. Qf3 g6 28. Bf7+ Kxf7 29. Rxd7+ Ke6 30. Rd1 Rc6 31. e4 Rd6 32. exf5+ gxf5 33. Rxd6+ Kxd6 34. Qxf5 Qc1+ 35. Kg2 Qxb2 36. Qf6+ Kd5 37. h4 Kd4 38. Qxh6 b4 39. Qb6+ Kd3 40. Qb5+ Kd2 41. Qxa4 Ke1 42. Qa7 Qd4 43. Qf7 Qd3 44. h5 Ke2 45. h6 Qe4+ 46. Kh2 Kf1 47. f3 Qc6 48. Qh5 Qc2+ 49. Kh3 Qg2+ 50. Kh4 Kf2 51. Qxe5 Qh1+ 52. Kg5 Qc1+ 53. f4 Qc3 54. g4 Qc2 55. f5 Qxa2 56. h7 1-0

[Event "Cheliabinsk Panchenko Memorial op-A"]
[Site "Cheliabinsk"]
[Date "2021.09.20"]
[Round "9"]
[White "Sapenov, Daniyal"]
[Black "Lvov, Nikita"]
[Result "1-0"]
[WhiteElo "2169"]
[BlackElo "2007"]
[PlyCount "143"]
[EventDate "2021.09.13"]
[EventType "swiss"]
[EventRounds "10"]
[EventCountry "RUS"]
[SourceTitle "CBM 204 Extra"]
[Source "ChessBase"]
[SourceDate "2021.11.30"]
[SourceVersion "1"]
[SourceVersionDate "2021.11.30"]
[SourceQuality "1"]

1. d4 Nf6 2. c4 g6 3. Nc3 d5 4. cxd5 Nxd5 5. e4 Nxc3 6. bxc3 Bg7 7. Bc4 c5 8. Ne2 0-0 9. 0-0 Nc6 10. Be3 b6 11. Rc1 Bb7 12. Qd2 Na5 13. Bd3 cxd4 14. cxd4 Qd7 15. Qb4 Rfc8 16. d5 Rxc1 17. Rxc1 Rc8 18. Rxc8+ Bxc8 19. Bf4 e5 20. Be3 Bf8 21. Qc3 Bd6 22. Qc2 Qc7 23. Qxc7 Bxc7 24. Nc3 Bb8 25. Kf1 f6 26. Ke2 Kf7 27. f3 Ke7 28. Kd2 g5 29. g4 Bd6 30. Nb5 Bb8 31. Kc3 Bd7 32. Kb4 Nb7 33. a4 a6 34. Nc3 Bd6+ 35. Kb3 Bc5 36. Bd2 Bd4 37. Bc2 Na5+ 38. Ka2 Nc4 39. Be1 Kd6 40. Ne2 Bc5 41. Bd3 Ne3 42. Nc3 a5 43. Kb3 Ng2 44. Bg3 Bd4 45. Ne2 Bc5 46. Ba6 Be8 47. Nc1 h5 48. h3 h4 49. Bh2 Ne1 50. Be2 b5 51. axb5 Be3 52. Na2 Bxb5 53. Bxb5 Nxf3 54. Nc3 Bd4 55. Be2 Nxh2 56. Kc4 Bf2 57. Na4 Be1 58. Kb5 Bb4 59. Nb6 Be1 60. Nc4+ Kd7 61. Nxa5 Bf2 62. Nc4 Bg1 63. Na3 Be3 64. Kc4 Bd2 65. Nc2 Kd6 66. Kd3 Bf4 67. Ne3 Kc5 68. Nf5 Bc1 69. Kc2 Bf4 70. Kd1 Bg3 71. d6 Kc6 72. Bb5+ 1-0

[Event "Cheliabinsk Panchenko Memorial op-A"]
[Site "Cheliabinsk"]
[Date "2021.09.19"]
[Round "7"]
[White "Popovich, Alexey"]
[Black "Lvov, Nikita"]
[Result "0-1"]
[WhiteElo "1891"]
[BlackElo "2007"]
[PlyCount "120"]
[EventDate "2021.09.13"]
[EventType "swiss"]
[EventRounds "10"]
[EventCountry "RUS"]
[SourceTitle "CBM 204 Extra"]
[Source "ChessBase"]
[SourceDate "2021.11.30"]
[SourceVersion "1"]
[SourceVersionDate "2021.11.30"]
[SourceQuality "1"]

1. e4 c5 2. Nf3 a6 3. c4 Nc6 4. d4 cxd4 5. Nxd4 e5 6. Nxc6 dxc6 7. Qxd8+ Kxd8 8. Be3 Kc7 9. Nc3 Nf6 10. f3 Be6 11. Rc1 Nd7 12. Be2 a5 13. Na4 b6 14. a3 Rb8 15. 0-0 Nc5 16. Nc3 Nb3 17. Rc2 Bc5 18. Kf2 Rhd8 19. Rd1 Bxe3+ 20. Kxe3 Nd4 21. Rcc1 Nxe2 22. Kxe2 Bxc4+ 23. Ke3 Rxd1 24. Nxd1 b5 25. Nf2 Rd8 26. Rc2 Kb6 27. f4 exf4+ 28. Kxf4 Bb3 29. Re2 c5 30. e5 Rd4+ 31. Ke3 Bd5 32. g4 g5 33. Re1 b4 34. Rc1 bxa3 35. bxa3 Rf4 36. Nd3 Re4+ 37. Kd2 c4 38. Nf2 Rxe5 39. Rc3 Be6 40. Rh3 Rb5 41. Ne4 Bxg4 42. Rxh7 Bf5 43. Rh6+ Bg6 44. Nc3 Re5 45. Rh8 Bf5 46. Rb8+ Kc7 47. Ra8 Be6 48. Rg8 g4 49. a4 Rh5 50. Nb5+ Kb6 51. Kc3 Kc5 52. Nc7 Rh3+ 53. Kd2 c3+ 54. Kc1 Bf5 55. Re8 Rxh2 56. Re5+ Kd6 57. Rxf5 Kxc7 58. Rxf7+ Kd6 59. Rg7 Rg2 60. Rg5 g3 0-1

[Event "Cheliabinsk Panchenko Memorial op-A"]
[Site "Cheliabinsk"]
[Date "2021.09.16"]
[Round "4"]
[White "Lvov, Nikita"]
[Black "Kozlov, Denis1111"]
[Result "0-1"]
[WhiteElo "2007"]
[BlackElo "2245"]
[PlyCount "86"]
[EventDate "2021.09.13"]
[EventType "swiss"]
[EventRounds "10"]
[EventCountry "RUS"]
[SourceTitle "CBM 204 Extra"]
[Source "ChessBase"]
[SourceDate "2021.11.30"]
[SourceVersion "1"]
[SourceVersionDate "2021.11.30"]
[SourceQuality "1"]

1. d4 Nf6 2. Nf3 g6 3. c4 Bg7 4. g3 0-0 5. Bg2 d5 6. cxd5 Nxd5 7. 0-0 Nb6 8. Nc3 Nc6 9. d5 Na5 10. Qc2 c6 11. dxc6 Nxc6 12. Rd1 Qe8 13. Be3 Bf5 14. Qc1 Rd8 15. Bh6 Rxd1+ 16. Nxd1 e5 17. Bxg7 Kxg7 18. Qc5 f6 19. Nc3 Qf7 20. Nb5 Nc8 21. Nh4 Bg4 22. e3 Rd8 23. h3 Be6 24. Rc1 g5 25. Bxc6 bxc6 26. Qxc6 gxh4 27. g4 Ne7 28. Qa6 Bc4 29. a4 Rd7 30. e4 h5 31. gxh5 Qe6 32. Qxe6 Bxe6 33. Kg2 Bf7 34. b4 Bxh5 35. Nc7 Bg6 36. f3 Rd2+ 37. Kg1 Bf7 38. a5 Ng6 39. b5 Nf4 40. Rb1 Nxh3+ 41. Kh1 Bh5 42. Rb3 Ng5 43. b6 Bxf3+ 0-1

[Event "Cheliabinsk Panchenko Memorial op-A"]
[Site "Cheliabinsk"]
[Date "2021.09.15"]
[Round "3"]
[White "Ismagilov, Damir"]
[Black "Lvov, Nikita"]
[Result "0-1"]
[WhiteElo "2231"]
[BlackElo "2007"]
[PlyCount "108"]
[EventDate "2021.09.13"]
[EventType "swiss"]
[EventRounds "10"]
[EventCountry "RUS"]
[SourceTitle "CBM 204 Extra"]
[Source "ChessBase"]
[SourceDate "2021.11.30"]
[SourceVersion "1"]
[SourceVersionDate "2021.11.30"]
[SourceQuality "1"]

1. d4 Nf6 2. c4 g6 3. Nc3 d5 4. cxd5 Nxd5 5. Bd2 Bg7 6. e4 Nb6 7. Be3 0-0 8. Bb5 c6 9. Be2 Be6 10. h4 Nc4 11. Bxc4 Bxc4 12. h5 e5 13. d5 cxd5 14. exd5 Na6 15. hxg6 fxg6 16. Qg4 Qc8 17. Qh4 h5 18. a3 b5 19. Qe4 Rf6 20. Nf3 Nc5 21. Bxc5 Qxc5 22. Qe3 Qxe3+ 23. fxe3 e4 24. Nxe4 Rff8 25. 0-0-0 Rae8 26. Nd6 Rxe3 27. Nxc4 bxc4 28. d6 Re2 29. Nd4 Rxg2 30. d7 Kh7 31. Rhf1 Rb8 32. Rf7 Kg8 33. Rxg7+ Kxg7 34. Nc6 Rbxb2 35. Nb4 Rb3 36. Rd6 Rc3+ 37. Kd1 Rxa3 38. Nc2 Rb3 39. Kc1 Rb8 40. Nd4 h4 41. Nc6 Rf8 42. d8Q Rxd8 43. Nxd8 h3 44. Ne6+ Kf7 45. Nf4 h2 46. Rd7+ Ke8 47. Rh7 Rg1+ 48. Kc2 h1Q 49. Rxh1 Rxh1 50. Nxg6 Re1 51. Nf4 Kd7 52. Kc3 Kc6 53. Kd2 Re4 54. Ne2 Rxe2+ 0-1

[Event "Chigorin Memorial 27th"]
[Site "St Petersburg"]
[Date "2019.10.13"]
[Round "9"]
[White "Lvov, Nikita"]
[Black "Nuritdinov, Nizomitdin"]
[Result "1-0"]
[WhiteElo "2079"]
[BlackElo "1771"]
[PlyCount "53"]
[EventDate "2019.10.05"]
[EventType "swiss"]
[EventRounds "9"]
[EventCountry "RUS"]
[SourceTitle "EXT 2021"]
[Source "ChessBase"]
[SourceDate "2020.10.23"]
[SourceVersion "1"]
[SourceVersionDate "2020.10.23"]
[SourceQuality "1"]

1. d4 d5 2. Nf3 Nf6 3. c4 e6 4. g3 Be7 5. Bg2 0-0 6. 0-0 c6 7. Qc2 Nbd7 8. Bf4 Ne4 9. Ne5 f5 10. f3 Nef6 11. cxd5 Nxd5 12. Nxd7 Bxd7 13. Bd2 Qb6 14. e3 c5 15. Nc3 Nb4 16. Qb3 cxd4 17. exd4 Qxd4+ 18. Kh1 Nd3 19. Rad1 Nf2+ 20. Rxf2 Qxf2 21. Be1 Qe3 22. Nd5 Qxb3 23. Nxe7+ Kf7 24. axb3 Kxe7 25. Bb4+ Ke8 26. Bxf8 Rc8 27. Bxg7 1-0

[Event "Chigorin Memorial 27th"]
[Site "St Petersburg"]
[Date "2019.10.07"]
[Round "3"]
[White "Lvov, Nikita"]
[Black "Grekhov, Luka"]
[Result "0-1"]
[WhiteElo "2079"]
[BlackElo "1601"]
[PlyCount "60"]
[EventDate "2019.10.05"]
[EventType "swiss"]
[EventRounds "9"]
[EventCountry "RUS"]
[SourceTitle "EXT 2020"]
[Source "ChessBase"]
[SourceDate "2019.10.17"]
[SourceVersion "1"]
[SourceVersionDate "2019.10.17"]
[SourceQuality "1"]

1. d4 Nf6 2. c4 e6 3. Nf3 Bb4+ 4. Bd2 Be7 5. g3 b6 6. Bg2 Bb7 7. 0-0 c5 8. d5 exd5 9. Nh4 Bc6 10. Nf5 0-0 11. cxd5 Nxd5 12. Bh6 Bf6 13. Bxd5 Bxb2 14. Bxg7 Bxg7 15. Nxg7 Kxg7 16. e4 Bxd5 17. exd5 d6 18. Qg4+ Kh8 19. Nc3 Nd7 20. f4 f5 21. Qf3 Qf6 22. Nb5 a6 23. Nc7 Rac8 24. Ne6 Rfe8 25. a4 Nf8 26. Ng5 c4 27. Rfb1 h6 28. Qh5 c3 29. Rxb6 Qd4+ 30. Kg2 Qxb6 0-1

[Event "St Petersburg Korchnoi Memorial op"]
[Site "St Petersburg"]
[Date "2019.08.14"]
[Round "1"]
[White "Vokhidov, Shamsiddin"]
[Black "Lvov, Nikita"]
[Result "1-0"]
[WhiteElo "2512"]
[BlackElo "2014"]
[PlyCount "49"]
[EventDate "2019.08.14"]
[EventType "swiss"]
[EventRounds "9"]
[EventCountry "RUS"]
[SourceTitle "CBM 192"]
[Source "ChessBase"]
[SourceDate "2019.10.31"]
[SourceVersion "1"]
[SourceVersionDate "2019.10.31"]
[SourceQuality "1"]

1. e4 c5 2. Nc3 Nc6 3. Bb5 g6 4. Bxc6 dxc6 5. d3 Bg7 6. Be3 b6 7. f4 Nf6 8. h3 Nh5 9. g4 Ng3 10. Rh2 h5 11. Rg2 hxg4 12. hxg4 Bd4 13. Rxg3 Bxe3 14. Rxe3 Rh2 15. Nce2 Bxg4 16. Qd2 e5 17. Qc3 Qh4+ 18. Kd2 exf4 19. Qe5+ Be6 20. Rf3 g5 21. Rff1 Qg3 22. Kc3 Qg2 23. Nf3 Rh3 24. Qxg5 Qxe2 25. Rae1 1-0

[Event "St Petersburg Korchnoi Memorial op"]
[Site "St Petersburg"]
[Date "2018.08.23"]
[Round "9"]
[White "Lvov, Nikita"]
[Black "Kozubov, Mikhail"]
[Result "1-0"]
[WhiteElo "1916"]
[BlackElo "1720"]
[PlyCount "149"]
[EventDate "2018.08.15"]
[EventType "swiss"]
[EventRounds "9"]
[EventCountry "RUS"]
[SourceTitle "CBM 186 Extra"]
[Source "ChessBase"]
[SourceDate "2018.08.24"]
[SourceVersion "1"]
[SourceVersionDate "2018.08.24"]
[SourceQuality "1"]

1. d4 Nf6 2. c4 e6 3. Nf3 b6 4. g3 Bb7 5. Bg2 d5 6. Ne5 Bb4+ 7. Bd2 Bxd2+ 8. Nxd2 Nbd7 9. Nd3 0-0 10. Rc1 Rb8 11. 0-0 dxc4 12. Nxc4 Bxg2 13. Kxg2 Rc8 14. Qa4 Nb8 15. Ne3 a5 16. Rfd1 Nd5 17. Nxd5 Qxd5+ 18. Kg1 Rfd8 19. e3 Nd7 20. Nf4 Qf5 21. h4 h6 22. Qc2 Qg4 23. Kg2 Nf6 24. f3 Qf5 25. e4 Qb5 26. b3 Rd7 27. Qc4 Qxc4 28. bxc4 Rcd8 29. d5 exd5 30. cxd5 g5 31. hxg5 hxg5 32. Nd3 Re8 33. g4 Kg7 34. Rc6 Ree7 35. Rdc1 Ne8 36. a4 Nf6 37. Nf2 Ne8 38. Nd1 Rd6 39. Ne3 Rxc6 40. Nf5+ Kf8 41. Rxc6 Re5 42. Kf2 f6 43. Ke3 Kf7 44. Kd4 Kf8 45. Kd3 Kf7 46. Kc4 Kf8 47. Kb5 Kf7 48. Ka6 Kf8 49. Kb7 Kf7 50. Kc8 Kf8 51. Kd8 Kf7 52. Kd7 Kf8 53. Re6 Kf7 54. Rxe5 fxe5 55. Ne3 b5 56. axb5 a4 57. Nc4 Nd6 58. Na3 Ne8 59. Nc4 Kf8 60. Ke6 Nd6 61. Na3 Ke8 62. b6 Kd8 63. bxc7+ Kxc7 64. Kxe5 Ne8 65. Ke6 Ng7+ 66. Ke7 Kb6 67. d6 Kc5 68. d7 Kb4 69. Nb1 a3 70. Nxa3 Kxa3 71. d8Q Ka4 72. Qd4+ Kb5 73. Qxg7 Kb6 74. Kd6 Kb5 75. Qd4 1-0

[Event "St Petersburg Korchnoi Memorial op"]
[Site "St Petersburg"]
[Date "2018.08.18"]
[Round "4"]
[White "Oskin, Iakov"]
[Black "Lvov, Nikita"]
[Result "0-1"]
[WhiteElo "1589"]
[BlackElo "1916"]
[PlyCount "50"]
[EventDate "2018.08.15"]
[EventType "swiss"]
[EventRounds "9"]
[EventCountry "RUS"]
[SourceTitle "CBM 186 Extra"]
[Source "ChessBase"]
[SourceDate "2018.08.24"]
[SourceVersion "1"]
[SourceVersionDate "2018.08.24"]
[SourceQuality "1"]

1. d4 Nf6 2. c4 e6 3. Nc3 Bb4 4. f3 c5 5. Qb3 Nc6 6. dxc5 Qa5 7. e3 Qxc5 8. a3 Ba5 9. Qc2 Bxc3+ 10. Qxc3 a5 11. b4 Qh5 12. b5 Ne7 13. e4 Ng6 14. Be3 0-0 15. Nh3 d5 16. Bg5 e5 17. Bxf6 gxf6 18. cxd5 Bxh3 19. gxh3 Qh4+ 20. Ke2 Nf4+ 21. Ke3 Rac8 22. Qb2 Qh6 23. Kf2 Rc5 24. Rc1 Qh4+ 25. Ke3 Nxd5+ 0-1

[Event "St Petersburg Summer op"]
[Site "St Petersburg"]
[Date "2017.08.23"]
[Round "8"]
[White "Lvov, Nikita"]
[Black "Aksenova, Maria"]
[Result "0-1"]
[WhiteElo "1836"]
[BlackElo "1991"]
[PlyCount "88"]
[EventDate "2017.08.16"]
[EventType "swiss"]
[EventRounds "9"]
[EventCountry "RUS"]
[SourceTitle "CBM 180 Extra"]
[Source "ChessBase"]
[SourceDate "2017.10.06"]
[SourceVersion "1"]
[SourceVersionDate "2017.10.06"]
[SourceQuality "1"]

1. d4 Nf6 2. c4 e6 3. Nf3 b6 4. g3 Ba6 5. Nbd2 Bb4 6. Qa4 Bxd2+ 7. Bxd2 0-0 8. Bg2 Bb7 9. 0-0 d6 10. Ne1 Bxg2 11. Nxg2 Nbd7 12. Rad1 Qe7 13. Bc3 Ne4 14. Qc2 f5 15. f3 Nxc3 16. Qxc3 Rf6 17. e4 fxe4 18. fxe4 Raf8 19. Qd3 Qf7 20. Nf4 g5 21. Ng2 Rxf1+ 22. Rxf1 Qxf1+ 23. Qxf1 Rxf1+ 24. Kxf1 Nf6 25. Ke2 Nxe4 26. Ne3 Kf7 27. Ng4 h5 28. Ne3 c5 29. d5 exd5 30. Nxd5 Nf6 31. Nc7 Ke7 32. Nb5 a6 33. Nc3 Ke6 34. h3 g4 35. h4 Ke5 36. Kd3 d5 37. cxd5 Nxd5 38. Na4 c4+ 39. Ke2 Kd4 40. Kd2 b5 41. Nc3 Nxc3 42. bxc3+ Ke4 43. Kc2 a5 44. a3 a4 0-1

[Event "Nezhmetdinov Memorial 39th"]
[Site "Kazan"]
[Date "2017.06.04"]
[Round "5"]
[White "Markelova, Lubov"]
[Black "Lvov, Nikita"]
[Result "1-0"]
[WhiteElo "2083"]
[BlackElo "1879"]
[PlyCount "55"]
[EventDate "2017.05.31"]
[EventType "swiss"]
[EventRounds "9"]
[EventCountry "RUS"]
[SourceTitle "EXT 2018"]
[Source "ChessBase"]
[SourceDate "2017.10.13"]
[SourceVersion "1"]
[SourceVersionDate "2017.10.13"]
[SourceQuality "1"]

1. Nf3 c5 2. c4 Nc6 3. Nc3 g6 4. e3 Bg7 5. d4 cxd4 6. exd4 e6 7. d5 Ne5 8. Bf4 Nxf3+ 9. Qxf3 e5 10. Be3 d6 11. c5 a6 12. Ne4 Bf8 13. Bc4 f5 14. Nxd6+ Bxd6 15. cxd6 Qxd6 16. 0-0 Nf6 17. Rac1 b6 18. Qe2 0-0 19. f4 Kg7 20. fxe5 Qxe5 21. Bh6+ Kxh6 22. Qxe5 Ng4 23. Qf4+ g5 24. Qxg4 fxg4 25. Rxf8 Kg7 26. Rcf1 b5 27. R1f7+ Kh6 28. Bd3 1-0

[Event "Nezhmetdinov Memorial 39th"]
[Site "Kazan"]
[Date "2017.06.02"]
[Round "3"]
[White "Lvov, Nikita"]
[Black "Kharin, Mikhail"]
[Result "0-1"]
[WhiteElo "1879"]
[BlackElo "2137"]
[PlyCount "76"]
[EventDate "2017.05.31"]
[EventType "swiss"]
[EventRounds "9"]
[EventCountry "RUS"]
[SourceTitle "EXT 2018"]
[Source "ChessBase"]
[SourceDate "2017.10.13"]
[SourceVersion "1"]
[SourceVersionDate "2017.10.13"]
[SourceQuality "1"]

1. d4 d5 2. c4 Nc6 3. Nf3 Bg4 4. e3 e6 5. Nc3 Nf6 6. h3 Bh5 7. cxd5 exd5 8. Bb5 Bxf3 9. Qxf3 Bb4 10. Bd2 0-0 11. a3 Bxc3 12. Bxc3 Ne4 13. Rc1 Qd6 14. 0-0 a5 15. Bxc6 bxc6 16. Rc2 Rfe8 17. Rfc1 Re6 18. Be1 Qd7 19. Qg4 g6 20. f3 Nf6 21. Qf4 Ra6 22. Bg3 Ne8 23. Qh6 a4 24. Bh2 Rb6 25. Rb1 Qe7 26. Kf2 Rb7 27. Rc3 g5 28. Qh5 Ng7 29. Bd6 Rxd6 30. Qg4 f5 31. Qg3 Nh5 32. Qh2 f4 33. b4 axb3 34. Rbxb3 Rxb3 35. Rxb3 Re6 36. h4 Rxe3 37. Rb8+ Kg7 38. Qh3 Re1 0-1